<?xml version="1.0" encoding="UTF-8"?>
<marc:record xmlns:marc="http://www.loc.gov/MARC21/slim">
   <marc:leader>00000nam a2200000 a 4500</marc:leader>
   <marc:datafield ind1="1" ind2=" " tag="100">
      <marc:subfield code="a">Wieser, Gudrun</marc:subfield>
      <marc:subfield code="4">aut</marc:subfield>
      <marc:subfield code="e">Verfasser/-in</marc:subfield>
   </marc:datafield>
   <marc:datafield ind1=" " ind2=" " tag="653">
      <marc:subfield code="a">Historische Kriminalromane</marc:subfield>
   </marc:datafield>
   <marc:datafield ind1=" " ind2=" " tag="653">
      <marc:subfield code="a">Steiermark</marc:subfield>
   </marc:datafield>
   <marc:datafield ind1="0" ind2="0" tag="245">
      <marc:subfield code="a">Grüne Mark und Weißer Tod</marc:subfield>
   </marc:datafield>
   <marc:datafield ind1="0" ind2="0" tag="245">
      <marc:subfield code="b">Historischer Kriminalroman</marc:subfield>
   </marc:datafield>
   <marc:datafield ind1=" " ind2="1" tag="264">
      <marc:subfield code="a">Köln</marc:subfield>
      <marc:subfield code="b">Emons</marc:subfield>
      <marc:subfield code="c">2025</marc:subfield>
   </marc:datafield>
   <marc:datafield ind1=" " ind2=" " tag="250">
      <marc:subfield code="a">1. Auflage</marc:subfield>
   </marc:datafield>
   <marc:datafield ind1="1" ind2=" " tag="520">
      <marc:subfield code="a">Ein raffinierter Streifzug durch das historische Graz und den sagenumwobenen Wienerwald. Graz, 1897. Eine Reihe ungewöhnlicher Morde stellt den jungen Untersuchungsrichter Franz Stahlbaum und seinen Freund Dr. Titus Pyrner vor ein Rätsel. Was hat es mit den seltsamen Botschaften auf sich, die bei den Opfern gefunden werden, und welche Bedeutung haben die blauen Glasscherben? Die Spur führt zu einer renommierten Lungenheilanstalt im Wienerwald, wo angeblich Experimente an Patienten durchgeführt werden. Doch vor Ort stoßen Franz und Titus auf eine Mauer des Schweigens. Jetzt sind unkonventionelle Ermittlungsmethoden gefragt: Ihre Freundinnen Resi und Salome schleusen sich in die Klinik ein. Können sie das tödliche Spiel beenden, bevor es zu spät ist?#"Grüne Mark und Weißer Tod" von Gudrun Wieser entführt die Leser in das Graz des ausgehenden 19. Jahrhunderts. Gekonnt verbindet die Autorin Spannung, Humor und historische Details zu einem fesselnden Kriminalroman.</marc:subfield>
   </marc:datafield>
   <marc:datafield ind1=" " ind2=" " tag="020">
      <marc:subfield code="a">9783740824495</marc:subfield>
      <marc:subfield code="9">9783740824495</marc:subfield>
   </marc:datafield>
   <marc:datafield ind1=" " ind2=" " tag="041">
      <marc:subfield code="a">ger</marc:subfield>
   </marc:datafield>
   <marc:datafield ind1=" " ind2=" " tag="300">
      <marc:subfield code="a">284 Seiten</marc:subfield>
   </marc:datafield>
</marc:record>
